ՀՀ Գիտությունների ազգային ակադեմիայի հիմնարար գիտական գրադարան  =   Fundamental Scientific Library of NAS RA

Станция по опытному чайному делу в Ассаме / (Record no. 421987)

MARC details
000 -LEADER
fixed length control field 00646nam a22001937a 4500
003 - CONTROL NUMBER IDENTIFIER
control field AM-YeHGA
005 - DATE AND TIME OF LATEST TRANSACTION
control field 20250617154907.0
008 - FIXED-LENGTH DATA ELEMENTS--GENERAL INFORMATION
fixed length control field 181207s1917 ruru ||| |||| 00| 0 rurus
040 ## - CATALOGING SOURCE
Original cataloging agency AM-YeHGA
041 0# - LANGUAGE CODE
Language code of text/sound track or separate title rus
090 ## - LOCALLY ASSIGNED LC-TYPE CALL NUMBER (OCLC); LOCAL CALL NUMBER (RLIN)
-- 424403
100 1# - MAIN ENTRY--PERSONAL NAME
Personal name Палибин. И. В.
245 10 - TITLE STATEMENT
Title Станция по опытному чайному делу в Ассаме /
Remainder of title
Statement of responsibility, etc. И. В. Палибин
260 ## - PUBLICATION, DISTRIBUTION, ETC.
Place of publication, distribution, etc. Батуми :
Name of publisher, distributor, etc. Тип. Д. Л. Капель,
Date of publication, distribution, etc. 1917.
300 ## - PHYSICAL DESCRIPTION
Extent 15 с. :
Other physical details ил.;
Dimensions 22 см
650 14 - SUBJECT ADDED ENTRY--TOPICAL TERM
Topical term or geographic name entry element Чайное дело
Geographic subdivision Ассам
650 14 - SUBJECT ADDED ENTRY--TOPICAL TERM
Topical term or geographic name entry element Чайное производство
Geographic subdivision Ассам
942 ## - ADDED ENTRY ELEMENTS (KOHA)
Source of classification or shelving scheme Universal Decimal Classification
Koha item type Գրքեր / Books
Holdings
Withdrawn status Lost status Source of classification or shelving scheme Damaged status Not for loan Collection Home library Current library Date acquired Total checkouts Full call number Barcode Date last seen Price effective from Koha item type Public note
    Universal Decimal Classification     General Fundamental Scientific Library Fundamental Scientific Library 07/12/2018   РД II/27316 FL0533246 07/12/2018 07/12/2018 Գրքեր / Books 30 Days Loan


ՀՀ ԳԱԱ հիմնարար գիտական գրադարան
ՀՀ,Երևան 0019
Մարշալ Բաղրամյան 24/6
հեռախոս:(374-10) 52-47-50
Հետադարձ կապ

All site content, except where otherwise noted, is licensed under a
Creative Commons License